000 00485nam a2200181Ia 4500
001 57889
008 140507s9999 xx 000 0 und d
020 _a9780415664769
040 _cPK-LaUMT
082 _a 307.1216
_bSEP-P
100 _aSepe, Marichela
245 _aPlanning and place in the city
_bmapping place identity
_cSepe, Marichela
260 _aLondon,UK:
_bRoutledge,
_c2013
300 _a333 p.
546 _aEN
650 _aCity planning-Social aspects
942 _cBK
999 _c55155
_d55155